000 00293nam a22001097a 4500
008 230623b |||||||| |||| 00| 0 eng d
100 _aChaudhary, Radha krishnan
_98928
245 _aSelect Inscriptions Of Bihar
260 _bK.L Mukhopadhyay,
_c1958.
_aCalcutta:
300 _a138p
942 _cBK
999 _c38934
_d38934